Central Library OPAC University of Rajshahi

Twenty best plays of the modern American theatre / (Record no. 62788)

MARC details
000 -LEADER
fixed length control field 00758nam a2200241 a 4500
001 - CONTROL NUMBER
control field 62788
003 - CONTROL NUMBER IDENTIFIER
rucl marc code BD-RjUL
005 - DATE AND TIME OF LATEST TRANSACTION
control field 20211209081125.0
008 - FIXED-LENGTH DATA ELEMENTS--GENERAL INFORMATION
fixed length control field 170125r1963 nyu b 000 0 eng d
035 ## - SYSTEM CONTROL NUMBER
System control number (BD-RjUL)62916
040 ## - CATALOGING SOURCE
Original cataloging agency OCO
Transcribing agency OCO
Modifying agency BD-RjUL
Language of cataloging eng
041 ## - LANGUAGE CODE
Language code of text/sound track or separate title eng
082 ## - DEWEY DECIMAL CLASSIFICATION NUMBER
Edition number 23
Classification number 812.508
Author mark and year TWE 1963
090 ## - LOCALLY ASSIGNED LC-TYPE CALL NUMBER (OCLC); LOCAL CALL NUMBER (OCLC)
Classification number (OCLC) (R) ; Classification number, CALL (RLIN) (NR) PS634
Local cutter number (OCLC) ; Book number/undivided call number, CALL (RLIN) .G253 1930-39
099 ## - LOCAL FREE-TEXT CALL NUMBER (OCLC)
Bangla Class number PS634.G253 1930-39
245 00 - TITLE STATEMENT
Title Twenty best plays of the modern American theatre /
Statement of responsibility, etc. edited with an introduction by John Gassner.
260 ## - PUBLICATION, DISTRIBUTION, ETC. (IMPRINT)
Place of publication, distribution, etc. New York :
Name of publisher, distributor, etc. Crown Pub.,
Date of publication, distribution, etc. 1939 [ printing 1963].
300 ## - PHYSICAL DESCRIPTION
Pagination xxii, 874 p. ;
Size 25 cm.
504 ## - BIBLIOGRAPHY, ETC. NOTE
Bibliography, etc Includes bibliography
650 #0 - SUBJECT ADDED ENTRY--TOPICAL TERM
Topical term or geographic name as entry element American drama
Chronological subdivision 20th century.
9 (RLIN) 186638
700 1# - ADDED ENTRY--PERSONAL NAME
Personal name Gassner, John,
Dates associated with a name 1903-1967.
942 ## - ADDED ENTRY ELEMENTS (KOHA)
Source of classification or shelving scheme Dewey Decimal Classification
Koha item type Books
Holdings
Lost status Source of classification or shelving scheme Damaged status Not for loan Collection code Permanent Location Current Location Shelving location Date acquired Source of acquisition Cost, normal purchase price Total Checkouts Full call number Date last seen Copy number Koha item type
  Dewey Decimal Classification   Not For Loan Non-fiction Central Library, University of Rajshahi Central Library, University of Rajshahi Reading Room 28/04/1965 Swets & Zeithinger 52.00   812.508 TWE 1963 25/01/2017 C-1 Books